Surveyors acting as adjudicators in the construction industry in Scotland (Record no. 102104)
[ view plain ]
| 000 -LEADER | |
|---|---|
| fixed length control field | 01217cam a2200277 4500 |
| 008 - FIXED-LENGTH DATA ELEMENTS--GENERAL INFORMATION | |
| fixed length control field | 020527n2002 000 0 eng u |
| 020 ## - INTERNATIONAL STANDARD BOOK NUMBER | |
| International Standard Book Number | 1854190504 |
| 035 ## - SYSTEM CONTROL NUMBER | |
| System control number | (Sirsi) u118145 |
| 041 0# - LANGUAGE CODE | |
| Language code of text/sound track or separate title | eng |
| 050 04 - LIBRARY OF CONGRESS CALL NUMBER | |
| Classification number | 347.4107 $2 18 |
| 110 2# - MAIN ENTRY--CORPORATE NAME | |
| Corporate name or jurisdiction name as entry element | Royal Institution of Chartered Surveyors |
| Subordinate unit | Scotland |
| 9 (RLIN) | 3082 |
| 245 00 - TITLE STATEMENT | |
| Title | Surveyors acting as adjudicators in the construction industry in Scotland |
| Remainder of title | guidance notes |
| 260 ## - PUBLICATION, DISTRIBUTION, ETC. | |
| Place of publication, distribution, etc. | Edinburgh |
| Name of publisher, distributor, etc. | RICS Scotland |
| Date of publication, distribution, etc. | 2002 |
| 300 ## - PHYSICAL DESCRIPTION | |
| Extent | 58p. |
| Dimensions | 30cm. |
| 350 ## - PRICE (NR) (BK AM CF MU VM SE) [OBSOLETE] | |
| Price | 11.50 |
| 490 #0 - SERIES STATEMENT | |
| Series statement | RICS Scotland Guidance Note |
| 520 ## - SUMMARY, ETC. | |
| Summary, etc. | Provides advice on the scope, powers, duties and procedures of the adjudicator. Includes useful sources of information and SBCC adjudication provisions. |
| 520 ## - SUMMARY, ETC. | |
| Summary, etc. | Superseded by second edition (ISBN 9781842196922). |
| 650 24 - SUBJECT ADDED ENTRY--TOPICAL TERM | |
| Topical term or geographic name entry element | SBCC CONTRACTS |
| 651 #4 - SUBJECT ADDED ENTRY--GEOGRAPHIC NAME | |
| Geographic name | Scotland |
| Chronological subdivision | 1999- |
| 690 ## - LOCAL SUBJECT ADDED ENTRY--TOPICAL TERM (OCLC, RLIN) | |
| Topical term or geographic name as entry element | MANAGEMENT-DISPUTE AVOIDANCE, MANAGEMENT AND RESOLUTION-DISPUTE MANAGEMENT AND RESOLUTION-ALTERNATIVE DISPUTE RESOLUTION-ADJUDICATION |
| 710 2# - ADDED ENTRY--CORPORATE NAME | |
| Corporate name or jurisdiction name as entry element | Royal Institution of Chartered Surveyors |
| Subordinate unit | Scotland Dispute Resolution Faculty |
| 9 (RLIN) | 4248 |
| 856 41 - ELECTRONIC LOCATION AND ACCESS | |
| Host name | uhttp://www.rics.org/site/download_feed.aspx?fileID=3647&fileExtension=PDF |
| 942 ## - ADDED ENTRY ELEMENTS (KOHA) | |
| Suppress in OPAC | 0 |
| Withdrawn status | Lost status | Source of classification or shelving scheme | Damaged status | Not for loan | Home library | Current library | Shelving location | Date acquired | Total Checkouts | Full call number | Barcode | Date last seen | Copy number | Price effective from | Koha item type |
|---|---|---|---|---|---|---|---|---|---|---|---|---|---|---|---|
| Dewey Decimal Classification | Virtual | Virtual | Online | 04/10/2006 | ONLINE PUBLICATION | 118145-2001 | 06/08/2019 | 1 | 06/08/2019 | Book |